|
|
|
|
| LEADER |
00694cam a2200205 a 4500 |
| 001 |
0000098117 |
| 005 |
20080714090000.0 |
| 040 |
|
|
|a mod
|
| 041 |
|
|
|a eng
|
| 020 |
0 |
0 |
|a 9780415420808
|
| 090 |
0 |
0 |
|a 949.703
|b INT
|e 2008
|
| 245 |
1 |
0 |
|a International state-building after violent conflict
|b Bosnia ten years after Dayton
|c edited by Marc Weller and Stefan Wolff
|
| 260 |
0 |
0 |
|a London
|b Routledge
|c 2008
|
| 300 |
|
|
|a 102 p.
|c 26 cm
|
| 504 |
0 |
0 |
|a Include bibliographical references and index
|
| 650 |
0 |
0 |
|a Nation-building
|x Bosnia and Hercegovina
|
| 700 |
1 |
1 |
|a Weller
|h Marc
|
| 700 |
1 |
1 |
|a Wolff
|h Stefan
|y 1969-
|
| 852 |
0 |
0 |
|a 01
|
| 999 |
|
|
|a 0269663
|b KEMENTAH
|d BOOKS
|e Rujukan
|f Perpustakaan KEMENTAH
|j AVAILABLE
|q GOOD CONDITION
|